|
|
|
|
| LEADER |
00000cas a2200000 a 4500 |
| 001 |
vtls010299725 |
| 003 |
SK-MaSNL |
| 005 |
20260425194246.0 |
| 008 |
110810d19591968xo qn|p 0 b0slo |
| 040 |
|
|
|a SNK
|b slo
|c SNK
|e AACR2
|
| 041 |
0 |
|
|a slo
|
| 044 |
|
|
|a xo
|c SK
|
| 072 |
|
7 |
|a 026
|x Odborné/špeciálne knižnice
|2 konspekt
|
| 080 |
|
|
|a 026/027
|2 2011
|
| 080 |
|
|
|a (437.6)
|2 2011
|
| 080 |
|
|
|a 050
|2 2001
|
| 080 |
|
|
|a (055)
|2 2011
|
| 245 |
0 |
0 |
|a Informačný zpravodaj Ústrednej ekonomickej knižnice
|
| 246 |
1 |
3 |
|a Informačný zpravodaj - ÚEK
|f 1963-
|
| 260 |
|
|
|a Bratislava
|b Ústredná ekonomická knižnica
|c 1959-1968
|
| 300 |
|
|
|a zv.
|c 29 cm
|
| 310 |
|
|
|a 4x ročne
|b 1963-1968
|
| 321 |
|
|
|a 1x mesačne
|b 1959-1962
|
| 362 |
0 |
|
|a 1959-1968
|
| 650 |
0 |
7 |
|a knižnice
|2 SNKPH
|9 17965
|
| 651 |
|
7 |
|a Bratislava (Slovensko)
|2 SNKPHgeo
|9 14568
|
| 655 |
|
7 |
|a bulletiny
|2 SNKPH
|9 70453
|
| 785 |
0 |
0 |
|t Informačný spravodajca. Ústredná ekonomická knižnica
|
| 910 |
|
|
|a snk
|
| 999 |
|
|
|c 8673
|d 10603
|